Riadenie pohybu otvorených nádob s kvapalinou
Na minha lista:
| Autor principal: | |
|---|---|
| Outros Autores: | |
| Formato: | Manuscrito Livro |
| Idioma: | eslovaco |
| Publicado em: |
2015
|
| Assuntos: | |
| Acesso em linha: | http://is.stuba.sk/zp/portal_zp.pl?podrobnosti=111711 |
| Tags: |
Sem tags, seja o primeiro a adicionar uma tag!
|
MARC
| LEADER | 00000ntm a22000003a 4500 | ||
|---|---|---|---|
| 001 | stuzp52487 | ||
| 003 | SK-STU | ||
| 005 | 20160719154203.1 | ||
| 007 | ta | ||
| 008 | 150427s2015----xo-----f-mn---000-0-slo-d | ||
| 040 | |a STU |b slo | ||
| 041 | 0 | |a slo | |
| 100 | 1 | |a Benčič, Ján |u 031000 |4 aut |U FEI Fakulta elektrotechniky a informatiky |T FEI Ústav robotiky a kybernetiky |X 6139 |U E011 |Y 356 |7 A000006139 | |
| 242 | 0 | 1 | |a Control of moving opened container with liquid |y eng |
| 245 | 1 | 0 | |a Riadenie pohybu otvorených nádob s kvapalinou |
| 260 | |c 2015 | ||
| 300 | |a 50 s., príl. |b DVD | ||
| 650 | 4 | |a kvapalina |2 slo | |
| 650 | 4 | |a hladina |2 slo | |
| 650 | 4 | |a kmity |2 slo | |
| 650 | 4 | |a identifikácia |2 slo | |
| 650 | 4 | |a nádoba |2 slo | |
| 650 | 4 | |a riadenie |2 slo | |
| 650 | 4 | |a conatainer |2 eng | |
| 650 | 4 | |a liquid |2 eng | |
| 650 | 4 | |a surface |2 eng | |
| 650 | 4 | |a oscillation |2 eng | |
| 650 | 4 | |a identification |2 eng | |
| 650 | 4 | |a control |2 eng | |
| 700 | 1 | |a Hubinský, Peter |4 ths |X 4940 |7 A000004940 | |
| 856 | 4 | |u http://is.stuba.sk/zp/portal_zp.pl?podrobnosti=111711 | |
| 996 | |b 284EP11097 |c E*DIPL- 11097 |l EE31 |s P |a 0 |w stuzp52487_0001 | ||
| SQL | |a stuzp52487 |b DDP |c SLO |d Riadenie pohybu otvorených nádob s kvapalinou |e 6139 |f Benčič, Ján |g 031000 |h 4940 |i Hubinský, Peter |j 20150616 |k 84 |l 03 |m http://is.stuba.sk/zp/portal_zp.pl?podrobnosti=111711 |n I-ROB |o 5.2.14. automatizácia | ||